MDQL
is popping MORE tags! Check the
thread
!
Quizzes
Events
Quiz Creation
Community
Videos
Private Events
Remove Ads
Sign In
Join for FREE
Feedback
Dark Mode
Quiz Categories
Sports
Geography
Music
Movies
Television
Just For Fun
Miscellaneous
History
Literature
Language
Science
Gaming
Entertainment
Religion
Holiday
For Kids
Quiz Lab
Recent
Popular Today
Quiz Kudos Today
Editor Picks
Curator Picks
Quizzes by...
Day
Popularity
Type
Ratings
Length
Year
Community
Subscriptions
Recent Discussions
Orange Saloon
Badges
Playlists
Quests
Create
Leaderboards
Showdown
Live 5
Trivia Bingo
Activity
Puzzle Library
Sporcle Events
Private Events
Virtual Trivia
Globe League
Become a Host
Pub Owners
SporcleCon
Opinionation
Our Games
Videos
Blog
Mobile Apps
Partnerships
Remove Ads and Go Orange
Feedback
Sports
Athletes
MLB
NBA
NHL
NFL
Soccer
Sports Teams
WWE
NCAA
Football
Premier League
Basketball
Baseball
Hockey
Golf
Tennis
Cricket
Rugby
Auto Racing
Olympics
World Cup
Sports
Athletes
MLB
NBA
NHL
NFL
Soccer
Sports Teams
WWE
NCAA
Football
Premier League
Basketball
Baseball
Hockey
Golf
Tennis
Cricket
Rugby
Auto Racing
Olympics
World Cup
Random Quiz
Search Sporcle
×
Quiz Lab
Quiz Lab
Sports
World
Type in answers that appear in a list
Type in answers that appear in a list
Classic
Best Score? Go Orange.
World Series Losers Stats
Can you name the World Series Losers?
By
Darbicus
15m
110 Questions
109 Plays
109 Plays
109 Plays
Comments
Comments
Give Quiz Kudos
Give Quiz Kudos
-
- Ratings
hide this ad
Forced Order
Answers have to be entered in order
Answers have to be entered in order
Replay
Link that replays current quiz
Next Quiz
Link to next quiz in quiz playlist
You Got
0%
They Got
Avg Score
61%
Avg Friend Score
Upgrade to see
Score Distribution
Jump to the score distribution portion of the page
Score
0/110
Timer
15:00
0
Plays Today
Year
Losing Team
% Correct
2001
New York Yankees
85.3%
2002
San Francisco Giants
84.4%
2003
New York Yankees
84.4%
2006
Detroit Tigers
83.5%
2008
Tampa Bay Rays
83.5%
2000
New York Mets
82.6%
2004
St. Louis Cardinals
82.6%
2007
Colorado Rockies
80.7%
1986
Boston Red Sox
79.8%
1993
Philadelphia Phillies
78.9%
1997
Cleveland Indians
78.9%
2005
Houston Astros
78.9%
1995
Cleveland Indians
78%
1996
Atlanta Braves
78%
1988
Oakland Athletics
77.1%
1989
San Francisco Giants
77.1%
1999
Atlanta Braves
77.1%
1998
San Diego Padres
76.1%
1991
Atlanta Braves
75.2%
1990
Oakland Athletics
74.3%
1992
Atlanta Braves
74.3%
1903
Pittsburgh Pirates
73.4%
2012
Detroit Tigers
72.7%
2013
St. Louis Cardinals
72.7%
2014
Kansas City Royals
72.7%
1977
Los Angeles Dodgers
72.5%
1978
Los Angeles Dodgers
71.6%
1985
St. Louis Cardinals
71.6%
1975
Boston Red Sox
70.6%
1981
New York Yankees
70.6%
1987
St. Louis Cardinals
70.6%
1906
Chicago Cubs
69.7%
1976
New York Yankees
68.8%
1955
New York Yankees
67.9%
1952
Brooklyn Dodgers
66.1%
1951
New York Giants
65.1%
1956
Brooklyn Dodgers
65.1%
Year
Losing Team
% Correct
1969
Baltimore Orioles
65.1%
1980
Kansas City Royals
65.1%
1982
Milwaukee Brewers
65.1%
1907
Detroit Tigers
64.2%
1919
Chicago White Sox
64.2%
1947
Brooklyn Dodgers
64.2%
1953
Brooklyn Dodgers
64.2%
1960
New York Yankees
64.2%
2009
Philadelphia Phillies
64.2%
1909
Detroit Tigers
63.3%
1949
Brooklyn Dodgers
63.3%
1957
New York Yankees
63.3%
1984
San Diego Padres
63.3%
1910
Chicago Cubs
62.4%
1921
New York Yankees
62.4%
1922
New York Yankees
62.4%
1979
Baltimore Orioles
62.4%
1983
Philadelphia Phillies
62.4%
1908
Detroit Tigers
61.5%
1912
New York Giants
61.5%
1926
New York Yankees
61.5%
1968
St. Louis Cardinals
61.5%
1974
Los Angeles Dodgers
61.5%
1911
New York Giants
60.6%
1913
New York Giants
60.6%
1914
Philadelphia Athletics
60.6%
1942
New York Yankees
60.6%
1945
Chicago Cubs
60.6%
1946
Boston Red Sox
60.6%
1954
Cleveland Indians
60.6%
1963
New York Yankees
60.6%
1967
Boston Red Sox
60.6%
1918
Chicago Cubs
59.6%
1923
New York Giants
59.6%
1943
St. Louis Cardinals
59.6%
1972
Cincinnati Reds
59.6%
1905
Philadelphia Athletics
58.7%
Year
Losing Team
% Correct
1941
Brooklyn Dodgers
58.7%
1962
San Francisco Giants
58.7%
1964
New York Yankees
58.7%
1970
Cincinnati Reds
58.7%
1971
Baltimore Orioles
58.7%
1973
New York Mets
58.7%
1924
New York Giants
57.8%
1927
Pittsburgh Pirates
57.8%
1939
Cincinnati Reds
57.8%
1916
Brooklyn Robins
56%
1920
Brooklyn Robins
56%
1928
St. Louis Cardinals
56%
1932
Chicago Cubs
56%
1940
Detroit Tigers
56%
1950
Philadelphia Phillies
56%
1944
St. Louis Browns
55%
1966
Los Angeles Dodgers
55%
1917
New York Giants
54.1%
1929
Chicago Cubs
54.1%
1936
New York Giants
54.1%
1959
Chicago White Sox
54.1%
1961
Cincinnati Reds
54.1%
1925
Washington Senators
53.2%
1931
Philadelphia Athletics
53.2%
1934
Detroit Tigers
53.2%
1938
Chicago Cubs
53.2%
1958
Milwaukee Braves
53.2%
1965
Minnesota Twins
53.2%
1948
Boston Braves
52.3%
1930
St. Louis Cardinals
51.4%
1937
New York Giants
51.4%
1935
Chicago Cubs
50.5%
1915
Philadelphia Phillies
48.6%
1933
Washington Senators
45.9%
2010
Texas Rangers
22%
2011
Texas Rangers
14.7%
Quiz Playlist
Details
Report
Send in Message
Add To Playlist
Classic:
Type in answers that appear in a list
Forced Order:
Answers have to be entered in order
Last Updated: Feb 16, 2017
Quiz Scoreboard
CHALLENGE
Sign Up to Join the Scoreboard
Show All
Scores
Hide
Comments
May contain spoilers
Recently Published
1-10 Letter E Words III
by El_Dandy
Language
2m
Street Fighter Characters
by Artimus82
Gaming
60s
College Basketball Coaching Resumes
by pancakes188
Sports
9m
More to Explore
Quiz From the Vault
Featured Blog Post
Where Did the Easter Bunny Come From?
hide this ad
You Might Also Like...
Tags
World Quiz
Losing
team
Winning
Today's Top Quizzes in Sports
Browse Sports
hide this ad
Today's Top Quizzes in World
Browse World
Top Contributed Quizzes in Sports
1
2022 World Cup Stars
2
Les meilleurs buteurs des matchs entre le PSG et l’OM
3
FIFA Club World Cup Champions
4
Les entraîneurs de l'OM et du PSG au 21e siècle
5
Criteria MLB: Left Handed Sluggers
6
2023 MLB Unique Player Accomplishments
7
AFC Teams Reveal (Wrong Answers Minefield)
8
Players with Multiple 50 Home Run Seasons
9
5-to-1: FBS Animal Nicknames
10
5-to-1: UK Sports Teams
Explore More
Trending Topics
NBA
Crossword
Kpop
Harry Potter
Anime
Disney
Marvel
Song
NFL
WWE
Pokémon
Puzzle
Soccer
Country
The Office
hide this ad
More By:
Darbicus
Quiz
Plays
Rating
Category
Featured
Created
Golden Globes (Drama)
71,195
4.14
Movies
Sep 25, 2009
Big 4 Oscar Winners
11,876
4.66
Movies
Nov 4, 2010
TSPDT's Top 250 Directors
5,921
4.24
Movies
Sep 26, 2009
Star Trek Voyager Episodes
2,651
3.29
Television
Sep 30, 2009
Top 100 Homerun Hitters
2,354
4.25
Sports
Apr 25, 2010
Go to Creator's Profile
Score Distribution
Quiz Creator Spotlight
Darbicus
Follow
Send a Message
Quizzes Created
-
Created Quiz Play Count
-
More By This Creator
Popular Quizzes Today
1
Find the US States - No Outlines Minefield
2
Find the Countries of Europe - No Outlines Minefield
3
The Countries of the World
4
Find the US States
5
Risky Map Clicking: Biggest States A-Z
6
US States
7
Popular People in 1961
8
Movies - When Are They Set?
More Sports Quizzes
Repeat Austrian Grand Prix Winners
Curator's Pick
Trending Quizzes
Risky Map Clicking: Least Populous States A-Z
Billboard Blitz: Aretha Franklin
Famous Russians: Author or Composer?
1-10 Letter G Words
Countries of the World: 200 Million BC
Recently Updated
Leaping Animals
pecheneg
Reality TV Shows (A-Z)
bhenderson79
Rickey Henderson's Hall of Fame Teammates
pecheneg
Champions League XIs: Arsenal
pecheneg
Quick Pick: Celebrities in WWE's Hall of Fame
aduchscher
A-Z Keypad Blitz II
pecheneg
Multiple Oscar Actors
pecheneg
Mystery Phrase Blitz: Oscar 'Best Actors'
pecheneg
F. Scott Fitzgerald Novels
LTH
Pick 3 Villains
ddd62291
Trending Topics
Harry Potter
Crossword
Marvel
Disney
Kpop
Anime
NBA
Pokémon
Soccer
The Office
WWE
NFL
Country
Puzzle
Song
Your Account Isn't Verified!
In order to create a playlist on Sporcle, you need to verify the email address you used during registration. Go to your
Sporcle Settings
to finish the process.
Report this User
Report this user for behavior that violates our
Community Guidelines
.
Details:
Send Report
Go to the Sporcle.com Mobile Site →
Comments